Estatísticas para Bio - organelas celulares

Clique aqui para jogar o quiz

Estatísticas Gerais

  • Esse quiz foi jogado 455 vezes
  • A pontuação média é 9 de 15

Estatísticas das Respostas

QuestãoResposta% Correto
Respiração celular?Mitocôndria
92%
Fotossíntese?Cloroplasto
91%
Produção de energia?Mitocôndria
76%
Empacotamento de proteínas?Complexo de Golgi
72%
Degradação da água oxigenada?Peroxissomos
66%
Autofagia?Lisossomo
61%
Organização do fuso mitótico?Centríolos
60%
Produção de proteínas?Retículo endoplasmático rugoso
56%
Heterofagia?Lisossomo
55%
Produção de lipídeos / ácidos graxos?Retículo endoplasmático liso
50%
Formação dos cílios e flagelos?Centríolos
49%
Redução da cauda do girino durante a metamorfose?Lisossomo
40%
Desintoxicação celular? (Drogas ou álcool)Retículo endoplasmático liso
38%
Qual organela surgiu segundo a teoria da endossimbiose?Cloroplasto
33%
Formação do acrossoma do espermatozoide?Complexo de Golgi
23%

Distribuição das Pontuações

Percentil de Números Respondidos

Porcentagem de Pessoas com Cada Pontuação

Sua Pontuação Histórica

Você não jogou esse quiz